LEADER 04661nam 2200745 a 450 001 9910457363003321 005 20200520144314.0 010 $a0-8166-8474-X 035 $a(CKB)1000000000347205 035 $a(EBL)310219 035 $a(OCoLC)476093034 035 $a(SSID)ssj0000102647 035 $a(PQKBManifestationID)11127616 035 $a(PQKBTitleCode)TC0000102647 035 $a(PQKBWorkID)10050653 035 $a(PQKB)10697169 035 $a(MiAaPQ)EBC310219 035 $a(OCoLC)567981361 035 $a(MdBmJHUP)muse38855 035 $a(Au-PeEL)EBL310219 035 $a(CaPaEBR)ebr10159404 035 $a(CaONFJC)MIL523057 035 $a(OCoLC)437188425 035 $a(EXLCZ)991000000000347205 100 $a19920603d1992 ub 0 101 0 $aeng 135 $aur|||||||nn|n 181 $ctxt 182 $cc 183 $acr 200 00$aAmerindian images and the legacy of Columbus$b[electronic resource] /$fRene? Jara and Nicholas Spadaccini, editors 210 $aMinneapolis $cUniversity of Minnesota Press$dc1992 215 $a1 online resource (769 p.) 225 1 $aHispanic issues ;$vv. 9 300 $aDescription based upon print version of record. 311 $a0-8166-2167-5 311 $a0-8166-2166-7 320 $aIncludes bibliographical references and index. 327 $aContents; Introduction: The Construction of a Colonial Imaginary: Columbus's Signature; Chapter 1 Word and Mirror: Presages of the Encounter; Chapter 2 De Bry's Las Casas; Chapter 3 (Re)discovering Aztec Images; Chapter 4 Fantastic Tales and Chronicles of the Indies; Chapter 5 Reading in the Margins of Columbus; Chapter 6 To Read Is to Misread, To Write Is to Miswrite: Las Casas as Transcriber; Chapter 7 Loving Columbus; Chapter 8 Fray Ramo?n Pane?, Discoverer of the Tai?no People 327 $aChapter 9 Colonial Writing and Indigenous Discourse in Ramo?n Pane?'s Relacio?n acerca de las antigu?edades de los indios Chapter 10 When Speaking Was Not Good Enough: Illiterates, Barbarians, Savages, and Cannibals; Chapter 11 Colonial Reform or Utopia? Guaman Poma's Empire of the Four Parts of the World; Chapter 12 Amerindian Image and Utopian Project: Motolini?a and Millenarian Discourse; Chapter 13 The Place of the Translator in the Discourses of Conquest: Herna?n Corte?s's Cartas de relacio?n and Roland Joffe?'s The Mission 327 $aChapter 14 Other-Fashioning: The Discourse of Empire and Nation in Lope de Vega's El nuevo mundo descubierto por Cristo?bal Colo?n Chapter 15 Authoritarianism in Brazilian Colonial Discourse; Chapter 16 Sor Juana Ine?s de la Cruz; or, The Snares of (Con)(tra)di(c)tion; Chapter 17 The Indian as Image and as Symbolic Structure: Bartolome? Arza?ns's Historia de la Villa Imperial de Potosi?; Chapter 18 Images of America in Eighteenth-Century Spanish Comedy; Chapter 19 Humboldt and the Reinvention of America; Chapter 20 Atahuallpa Inca: Axial Figure in the Encounter of Two Worlds 327 $aChapter 21 Art and Resistance in the Andean World Chapter 22 Saer's Fictional Representation of the Amerindian in the Context of Modern Historiography; Chapter 23 An Image of Hispanic America from the Spain of 1992; Contributors; Index 330 $aThe legacy of Columbus's discovery of the New World and its subsequent colonization is a current focus of much historical investigation. Columbus himself continues to be a cipher like the signature he crafted for himself, a signature no one has been able to decode. What is certain, however, is that this signature symbolized the construction of a colonial imagery that is still operative and that the consequences of the violent encounter between the European and Amerindian civilizations are now being debated and reinterpreted. Amerindian Images and the Legacy of Columbus examines the constitution 410 0$aHispanic issues ;$v9. 606 $aIndians$xHistory$vSources 606 $aIndians in literature 606 $aIndians$xPublic opinion 606 $aPublic opinion$zEurope 607 $aAmerica$xDiscovery and exploration 607 $aSpain$xColonies$zAmerica 608 $aElectronic books. 615 0$aIndians$xHistory 615 0$aIndians in literature. 615 0$aIndians$xPublic opinion. 615 0$aPublic opinion 676 $a970.01/5 701 $aJara$b Rene?$f1941-$0408432 701 $aSpadaccini$b Nicholas$0163186 801 0$bMiAaPQ 801 1$bMiAaPQ 801 2$bMiAaPQ 906 $aBOOK 912 $a9910457363003321 996 $aAmerindian images and the legacy of Columbus$91451870 997 $aUNINA LEADER 05569nam 2200553Ia 450 001 9910162794303321 005 20260331110407.0 010 $a9798400642548 010 $a9798216076360 010 $a9781440839252 010 $a1440839255 024 7 $a10.5040/9798400642548 035 $a(OCoLC)958066473 035 $a(MiFhGG)GVRL7JJA 035 $a(UkLoBP)BP9798400642548BC 035 $a(CKB)3710000001042537 035 $a(MiAaPQ)EBC4791379 035 $a(MiFhGG)9781440839252 035 $a(Perlego)4183165 035 $a(MiFhGG)9781440839245 035 $a(EXLCZ)993710000001042537 100 $a20230825e20172023 uy 0 101 0 $aeng 135 $aurun|---uuuua 181 $2rdacontent 182 $2rdamedia 183 $2rdacarrier 200 00$aDrug Resistance /$fSarah Boslaugh 205 $a1st ed. 210 1$cGreenwood,$d2017. 210 2$aNew York :$cBloomsbury Publishing (US),$d2023. 215 $a1 online resource (xvi, 207 pages) 225 1 $aHealth and Medical Issues Today 311 08$a9781440839245 311 08$a1440839247 320 $aIncludes bibliographical references and index. 327 $aSeries Foreword Acknowledgments Introduction Section I: Overview and Historical Background of Drug Resistance 1 The Science of Drug Resistance What Are Antimicrobials? Key Antibiotics in Medical History What Is Antimicrobial Resistance? How Microbes Become Resistant Why Drug Resistance Is a Concern 2 The Role of Human Behavior in Drug Resistance Inappropriate Use of Drugs Use of Low-Quality Drugs Use of Antimicrobials in Animal Husbandry 3 The Scope of the Problem Today Global Overview of Drug Resistance Drug Resistance in the United States 4 Specific Diseases Tuberculosis Gonorrhea Malaria HIV Influenza 5 Measures to Combat Drug Resistance National and International Standards of Prescribing Practice Infection Control Vaccination Programs Limiting Disease Spread through Travel Developing New Antibiotics and Improved Diagnostic Tests Surveillance and Reporting Programs Recommendations for Global Surveillance Section II: Contemporary Issues and Debates 6 Drug Resistance as a National and International Issue Stakeholders Recommendations for Antibiotic Use Developing New Antibiotics 7 Changing Physician and Pharmacist Behavior Decision Making in Medicine Physician and Pharmacist Education Health System Guidelines 8 Changing Patient Behavior Patient Adherence Obstacles to Adherence Interventions to Improve Adherence 9 Balancing Individual and Societal Rights Balancing Infection Control and the Right to Freedom and Privacy DOT Involuntary Quarantine 10 Contributions of Research to the Fight Against Drug Resistance The Drug Development Process Antibiotics in the Drug Development Pipeline 11 Antibiotics in Animal Husbandry History Specific Threats The Scope of the Issue Balancing Productivity and Public Safety Section III: Resources Primary Documents Current Reports Antimicrobial Resistance: Global Report on Surveillance: Summary Antibiotic Resistance Threats in the United States, 2013: Executive Summary Antimicrobial Resistance Surveillance in Europe, 2015: Summary Policy Statements WHO Global Strategy for Containment of Antimicrobial Resistance: Executive Summary National Strategy for Combating Antibiotic Resistance Bacteria: Executive Summary The Judicious Use of Medically Important Antimicrobial Drugs in Food-Producing Animals: Executive Summary Timeline Sources for Further Information Glossary Index 330 $aWritten in clear, nontechnical language, this investigation of drug resistance provides readers with an overview of the scientific issues, the current scope of the problem nationally and globally, and the measures that can be taken to combat this public health crisis. Drug resistance-the reduction in the effectiveness of a particular medicine (particularly antimicrobials) in treating a disease or condition-is considered one of the most pressing issues in medicine today. This problem is likely to have profound impacts on society in the decades to come. This understandable, single-volume book explores the history of drug resistance, explains how drug resistance occurs, cites the most problematic examples, identifies the potential consequences, and describes how drug resistance can be prevented. It also pays attention to current issues and controversies surrounding this topic, such as the role of the industrialized food system in breeding antibiotic-resistant strains of E. coli. The coverage includes up-to-date information about specific diseases like tuberculosis, malaria, human immunodeficiency virus (HIV), and methicillin-resistant Staphylococcus aureus (MRSA), for which drug resistance is a particular issue. Readers will understand how human behavior, such as patient non-adherence to treatment and physician over-prescription of antibiotics, have served to foster drug resistance. A selection of primary documents sourced from organizations such as the World Health Organization, the U.S. Food and Drug Administration, and the Centers for Disease Control and Prevention will serve those interested in pursuing more detailed research on particular topics. 410 0$aHealth and Medical Issues Today. 606 $aHealth & personal development$2bicssc 615 7$aHealth & personal development 676 $a616.9/041 700 $aBoslaugh$b Sarah$01121040 801 0$bUkLoBP 801 1$bUkLoBP 906 $aBOOK 912 $a9910162794303321 996 $aDrug resistance$92895047 997 $aUNINA